MARC

LEADER 00000nam0a2200000 4500
001 143221
005 20231101221019.0
035 |a (RuTPU)RU\TPU\book\155193 
090 |a 143221 
100 |a 20080917d2007 m y0rusy50 ca 
101 0 |a eng 
102 |a RU 
105 |a y j 001zy 
200 1 |a Psychological Bases of Mass Communication  |e практикум по английскому языку  |f Н. А. Вакурина  |g Томский политехнический университет (ТПУ), Институт языковой коммуникации (ИЯК) 
210 |a Томск  |c Изд-во ТПУ  |d 2007 
215 |a 70 с. 
225 1 |a Учебники Томского политехнического университета 
320 |a Библиогр.: с. 69. 
452 1 |0 (RuTPU)RU\TPU\book\147180  |t Psychological Bases of Mass Communication  |o практикум по английскому языку  |f Н. А. Вакурина  |g Томский политехнический университет  |c Томск  |n Изд-во ТПУ  |d 2007  |s Совершенствование языковой подготовки в вузе  |a Вакурина, Н. А. 
606 1 |a Английский язык  |x Учебные руководства и пособия  |x Учебные руководства и пособия для высшей школы  |2 stltpush  |3 (RuTPU)RU\TPU\subj\29071  |9 52483 
610 1 |a лексика 
610 1 |a профессиональная лексика 
610 1 |a разговорная речь 
610 1 |a коммуникации 
610 1 |a массовые коммуникации 
610 1 |a деловое общение 
610 1 |a упражнения 
610 1 |a практикумы 
686 |a Ш143.21-923  |v LBC/SL-A  |2 rubbk 
700 1 |a Вакурина  |b Н. А.  |g Наталья Анатольевна 
712 0 2 |a Томский политехнический университет (ТПУ)  |b Институт языковой коммуникации (ИЯК)  |2 stltpush  |3 (RuTPU)RU\TPU\col\3881 
801 1 |a RU  |b 63413507  |c 20080917  |g PSBO 
801 2 |a RU  |b 63413507  |c 20160824  |g PSBO 
942 |c BK